Catálogo
 En Linea

Las mil noches y una noche / (Registro nro. 50764)

Detalles MARC
000 -CABECERA
campo de control de longitud fija 01380nam a2200265 a 4500
003 - IDENTIFICADOR DEL NÚMERO DE CONTROL
campo de control DO-SdBNP
005 - FECHA Y HORA DE LA ÚLTIMA TRANSACCIÓN
campo de control 20240306164224.0
007 - CAMPO FIJO DE DESCRIPCIÓN FÍSICA--INFORMACIÓN GENERAL
campo de control de longitud fija ta
008 - DATOS DE LONGITUD FIJA--INFORMACIÓN GENERAL
campo de control de longitud fija 211018e2009 sp ac||er|||| 001 ddspa d
020 ## - NÚMERO INTERNACIONAL ESTÁNDAR DEL LIBRO
Número Internacional Estándar del Libro 9788420405087
040 ## - FUENTE DE LA CATALOGACIÓN
Centro catalogador/agencia de origen DO-SdBNP
Lengua de catalogación spa
Centro/agencia transcriptor BNPHU
082 #4 - NÚMERO DE LA CLASIFICACIÓN DECIMAL DEWEY
Número de edición 22
Número de documento/Ítem V297m
Número de clasificación Pe862.44
100 1# - ENTRADA PRINCIPAL--NOMBRE DE PERSONA
Nombre de persona Vargas Llosa, Mario,
Fechas asociadas al nombre 1936-
9 (RLIN) 12567
245 13 - MENCIÓN DE TÍTULO
Título Las mil noches y una noche /
Mención de responsabilidad, etc. Vargas Llosa, Mario ; fotografías, Ros Ribas
260 ## - PUBLICACIÓN, DISTRIBUCIÓN, ETC.
Lugar de publicación, distribución, etc. Móstoles, Madrid:
Nombre del editor, distribuidor, etc. Alfaguara,
Fecha de publicación, distribución, etc. 2009
300 ## - DESCRIPCIÓN FÍSICA
Extensión 139 p. :
Otras características físicas il., retrs. ;
Dimensiones 23 cm.
500 ## - NOTA GENERAL
Nota general Incluye biografía del autor en la solapa de la portada.
505 ## - NOTA DE CONTENIDO CON FORMATO
Nota de contenido con formato Contar cuentos.
Título I. el rey Shrigar y su y su nueva esposa.--
-- II. El príncipe que odiaba a las mujeres.--
-- III. El prícipe melancólico.--
-- IV. La princesa Budur y los astrólogos.--
-- V. Mersuán el justiciero.--
-- VI. El milagro del falso astrólogo.--
-- VII. El príncipe y el pájaro ladrón.--
-- VIII. La princesa Budur cambia de sexo.--
-- IX. La pelea de los pájaros.--
-- X. Un fin que es un principio.--
-- XI. amores prohibidos.--
-- XII. Los adoradores del fuego.--
-- XIII. La última noche es la primera noche.
590 ## - NOTA LOCAL (RLIN)
Nota local Inventariado 2021 / MF
650 #4 - PUNTO DE ACCESO ADICIONAL DE MATERIA--TÉRMINO DE MATERIA
Término de materia o nombre geográfico como elemento de entrada Noches árabes
9 (RLIN) 80246
Subdivisión de forma Drama.
650 #4 - PUNTO DE ACCESO ADICIONAL DE MATERIA--TÉRMINO DE MATERIA
Término de materia o nombre geográfico como elemento de entrada Noches árabes
9 (RLIN) 80247
Subdivisión de forma Adaptaciones
700 1# - PUNTO DE ACCESO ADICIONAL--NOMBRE DE PERSONA
Nombre de persona Ribas, Ros,
9 (RLIN) 80248
Término indicativo de función/relación fot.
910 ## - DATOS DE OPCIÓN DEL USUARIO (OCLC)
Datos de opción del usuario Validado. Control de calidad MFF
942 ## - ELEMENTOS DE PUNTO DE ACCESO ADICIONAL (KOHA)
Fuente del sistema de clasificación o colocación Dewey Decimal Classification
Tipo de ítem Koha Libro
Existencias
Estado de retiro Estado de pérdida Fuente del sistema de clasificación o colocación Restricciones de uso No para préstamo Código de colección Localización permanente Ubicación/localización actual Ubicación en estantería Fecha de adquisición Total de préstamos Signatura topográfica completa Código de barras Fecha visto por última vez Precio válido a partir de Tipo de ítem Koha
    Dewey Decimal Classification Excluido de préstamo   Monografías: Libros y Folletos Biblioteca Nacional Pedro Henríquez Ureña Patrimonio Dominicano Depósito 18.10.2021   BNPHU GR Pe862.44 V297m 2021-27420 18.10.2021 18.10.2021 Libro

Con tecnología Koha